Statistics for Random city to European Country #2

Click here to take the quiz!

General Stats

  • This quiz has been taken 35 times
  • The average score is 14 of 15

Answer Stats

HintAnswer% Correct
TiranaAlbania
100%
StuttgartGermany
100%
GdańskPoland
100%
BratislavaSlovakia
100%
BilbaoSpain
100%
MalmoSweden
100%
LiverpoolUk
100%
BariItaly
97%
OdessaUkraine
94%
GrenobleFrance
91%
LimerickIreland
91%
MurmanskRussia
85%
BrnoCzech Republic
82%
PatrasGreece
82%
NamurBelgium
74%

Score Distribution

Percentile by Number Answered

Percent of People with Each Score

Your Score History

You have not taken this quiz